Movies Quiz

Random Movies or Marvel Quiz

Marvel Cinematic Universe Quiz Stats

 Plays Quiz not verified by Sporcle

Also try: Movies of 1981
Challenge
Share
Tweet
Score 0/65 Timer 10:00
0 Plays Today
% Correct
Tom Hiddleston
98.3%
Gwyneth Paltrow
97.4%
Scarlett Johansson
97.4%
Chris Hemsworth
97.4%
Robert Downey Jr.
96.5%
Samuel L. Jackson
96.5%
Tom Holland
96.5%
Chris Evans
95.7%
Zoe Saldana
95.7%
Vin Diesel
95.7%
Chris Pratt
95.7%
Benedict Cumberbatch
95.7%
Mark Ruffalo
94.8%
Anthony Hopkins
94.8%
Natalie Portman
93.9%
Dave Bautista
93.9%
Elizabeth Olsen
93%
Bradley Cooper
93%
Paul Rudd
93%
Jeremy Renner
92.2%
Aaron Taylor-Johnson
92.2%
Marisa Tomei
92.2%
Don Cheadle
91.3%
Sebastian Stan
91.3%
Paul Bettany
91.3%
Idris Elba
89.6%
Michael Douglas
89.6%
Clark Gregg
88.7%
Cobie Smulders
88.7%
Josh Brolin
88.7%
Chadwick Boseman
88.7%
Kurt Russell
87.8%
Jeff Bridges
87%
% Correct
Hayley Atwell
87%
Anthony Mackie
87%
Tilda Swinton
87%
Jon Favreau
86.1%
Evangeline Lilly
86.1%
Cate Blanchett
86.1%
Mickey Rourke
85.2%
Stellan Skarsgard
85.2%
Emily VanCamp
85.2%
Karen Gillan
85.2%
James Spader
85.2%
Brie Larson
82.6%
Hugo Weaving
81.7%
Ben Kingsley
81.7%
Jaimie Alexander
80.9%
Robert Redford
80%
Zendaya
80%
Pom Klementieff
79.1%
Guy Pearce
78.3%
Rene Russo
77.4%
Jeff Goldblum
77.4%
Lee Pace
76.5%
Toby Jones
75.7%
Michael Keaton
75.7%
Tessa Thompson
75.7%
Sam Rockwell
74.8%
Andy Serkis
73.9%
Mads Mikkelsen
73.9%
Chiwetel Ejiofor
73.9%
Frank Grillo
72.2%
Christopher Eccleston
68.7%
Daniel Brühl
68.7%

You're not logged in!

Compare scores with friends on all Sporcle quizzes.
Join for Free
OR
Log In

You Might Also Like...

Show Comments

Extras

Top Quizzes Today


Score Distribution

Your Account Isn't Verified!

In order to create a playlist on Sporcle, you need to verify the email address you used during registration. Go to your Sporcle Settings to finish the process.

Report this User

Report this user for behavior that violates our Community Guidelines.

Details: